Normal view MARC view
  • School of Business and Economics

Entry Corporate Name

Number of records used in: 2

001 - CONTROL NUMBER

  • control field: 13918

003 - CONTROL NUMBER IDENTIFIER

  • control field: NUST

005 - DATE AND TIME OF LATEST TRANSACTION

  • control field: 20190325051402.0

008 - FIXED-LENGTH DATA ELEMENTS

  • fixed length control field: 190325|| aca||aabn | a|a d

040 ## - CATALOGING SOURCE

  • Original cataloging agency: NUST
  • Transcribing agency: NUST

110 ## - HEADING--CORPORATE NAME

  • Corporate name or jurisdiction name as entry element: School of Business and Economics

670 ## - SOURCE DATA FOUND

  • Source citation: Work cat.: (NUST): School of Business and Economics, Journal of management and research, 1/3/2014
© 2023 Central Library, National University of Sciences and Technology. All Rights Reserved.